2207-各務原市(岐阜県)の駅 - Statistics

General Stats
  • This quiz has been taken 6 times
  • The average score is 15 of 16
Answer Stats
Answer % Correct
那加
100%
蘇原
100%
各務ヶ原
100%
鵜沼
100%
新加納
100%
新那加
100%
各務原市役所前
100%
六軒
100%
三柿野
100%
二十軒
100%
名電各務原
100%
鵜沼宿
100%
新鵜沼
100%
苧ヶ瀬
75%
羽場
75%
市民公園前
50%
No matching quizzes found
Score Distribution
Percent of People with Each Score
Percentile by Number Answered
Your Score History
You have not taken this quiz